Guess (remix) Lyrics Charli XCX ft Billie Eilish - Statistiques

Statistiques générales
  • Ce quiz a été pris 378 fois
  • Le résultat moyen est 237 sur 326
Statistiques - réponses
Hint Réponse % Correct
` guess
100%
` Guess
100%
` the
98%
` The
98%
` underwear
98%
` you
98%
` You
98%
` (You
98%
` color
97%
` of
97%
` when
97%
` I
96%
` my
96%
` wanna
96%
` know
94%
` it
91%
` it?
91%
` it)
91%
` what
91%
` there?)
90%
` there
90%
` on
88%
` your
88%
` down
87%
` to
86%
` Is
85%
` pink
85%
` all
84%
` in
84%
` got
81%
` lick
81%
` goin'
80%
` pretty
80%
` Billie
79%
` or
79%
` and
78%
` about
76%
` about?
76%
` tattoo?
76%
` put
75%
` so
75%
` back
74%
` mouth
73%
` I'm
71%
` that
71%
` with
71%
` Charli
70%
` (Charli
70%
` side
70%
` Already
69%
` (Hey
69%
` showing
69%
` Tokyo
68%
` black
67%
` brand
67%
` have
67%
` lower
67%
` new
67%
` out
67%
` out)
67%
` but
66%
` little
66%
` Try
66%
` try
66%
` Don't
65%
` for
65%
` one
65%
` pull
65%
` Pull
65%
` talking
65%
` this
65%
` Wear
65%
` bite
64%
` it's
64%
` It's
64%
` up
64%
` boys
63%
` likes
62%
` she
62%
` spit
62%
` get
61%
` knows
61%
` see-through?
61%
` bows
60%
` off
60%
` pair
60%
` south
60%
` that's
60%
` hit
59%
` shit
59%
` picked
58%
` them
58%
` they
58%
` think
58%
` were
58%
` we're
58%
` me
57%
` me?)
57%
` i'd
56%
` saw
56%
` turn
56%
` if
55%
` lacy
55%
` sat
55%
` now
53%
` right
53%
` tell
53%
` thinkin'
53%
` gonna
51%
` song
50%
` serious
48%
` 'em
47%
` you're
47%
` they're
43%
` address
42%
` delicious
42%
` you've
42%
` Eat
41%
` Google
41%
` password
41%
` Drive
40%
` Kiss
40%
` peekin'
39%
` been
38%
` call
38%
` yeah
38%
` can
37%
` at
36%
` party
36%
` lunch
35%
` textin'
35%
` post
31%
` (Are
30%
` might
30%
` fit
28%
` remix
26%
` Send
25%
` he's
24%
` Dare
21%
` (Work
17%
` ride
16%
` obsessed
15%
` disrespectful)
13%
` not
13%
` (We've
13%
` invited)
11%
` tryin'
10%
` Pu-pu-put
9%
` Still
7%
Aucun quiz correspondant
Distribution des résultats
% des personnes avec chaque résultat
Percentile par nombre de réponses
Votre historique - résultats
Vous n’avez pas pris ce quiz